| 000 | 00456nam a2200133Ia 4500 | ||
|---|---|---|---|
| 008 | 171207s9999 xx 000 0 und d | ||
| 100 | _aZents, Courtney E. | ||
| 245 | _a Paws for Intervention: Perceptions About the Use of Dogs in Schools | ||
| 245 | _cCourtney E. Zents, Amy K. Fisk & Cris W. Lauback | ||
| 260 | _c2017 | ||
| 300 | _apages 82-98, January-March 2017 | ||
| 440 |
_aJournal of Creativity in Mental Health _v12:1 |
||
| 650 | _aMENTAL HEALTH | ||
| 999 |
_c347503 _d347503 |
||